| 000 | 00815nam a22002417a 4500 | ||
|---|---|---|---|
| 003 | OSt | ||
| 005 | 20250805003927.0 | ||
| 008 | 250805b |||||||| |||| 00| 0 eng d | ||
| 020 | _a978-621-427-097-2 | ||
| 040 |
_aDWC-Main Lib _cOC |
||
| 082 | _aFil. 658.152 A181f 2022 | ||
| 100 | _aAgustin - Acierto, Marife | ||
| 245 |
_aFinancial management/ _cMarife Agustin - Acierto [and two others] |
||
| 250 | _a2022 edition | ||
| 260 |
_aIntramuros Manila : _bUnlimited Books and Library Services & Publishing Inc, _cc2022. |
||
| 300 |
_a529 pages : _billustrations ; _c25cm. |
||
| 504 | _aIncludes bibliographical references. | ||
| 650 | _a1. Accounting. | ||
| 650 | _a2. Financial management. | ||
| 700 | _aAcierto, Gilfred Abad | ||
| 700 | _aRoque, Ryan Canon | ||
| 942 |
_2ddc _cBK - FIL _e2022 edition _kFil. _n0 |
||
| 999 |
_c3931 _d3931 |
||